000 00767cam a2200205 i 4500
005 20251108174531.0
008 250721s2008 jo gr 000 0 ara d
082 1 4 _a153.43
_bع ا م
100 1 _aعامر، طارق عبد الرؤوف
_eمؤلف.
245 1 0 _aعلم طفلك كيف يفكر /
_cتأليف د. طارق عبد الرؤوف عامر، د. ربيع محمد.
264 3 1 _aعمان :
_bدار اليازوري العلمية للنشر والتوزيع،
_c2008.
300 _a207 صفحة.
650 1 7 _aالتفكير.
650 1 7 _aالتفكير المبدع.
650 1 7 _aالايداعيه.
650 1 7 _aالتعلم.
700 1 _aمحمد، ربيع
_eمؤلف.
942 _2ddc
_cBK
999 _c111623
_d111623